Symposium on usefulness and limitations of samples. (Record no. 545273)

000 -LEADER
fixed length control field 00648cam a22001571 4500
082 ## - DEWEY DECIMAL CLASSIFICATION NUMBER
Classification number 620.11
Author Mark AME
-- L-36, P-30
110 2# - MAIN ENTRY--CORPORATE NAME
Corporate name or jurisdiction name as entry element American Society for Testing Materials.
9 (RLIN) 25223
245 10 - TITLE STATEMENT
Title Symposium on usefulness and limitations of samples.
Statement of responsibility, etc. Presented at the 51st annual meeting, American Society for Testing Materials, Detroit, Mich., June 22, 1948.
260 ## - PUBLICATION, DISTRIBUTION, ETC.
Place of publication, distribution, etc. [n. p.,
Date of publication, distribution, etc. 1948]
300 ## - PHYSICAL DESCRIPTION
Extent 39 p.
Other physical details diagrs.
Dimensions 23 cm.
500 ## - GENERAL NOTE
General note "Reprint from ... Proceedings of the American Society for Testing Materials, volume 48, 1948."
526 ## - STUDY PROGRAM INFORMATION NOTE
Program name 0
Interest level 0
Reading level 0
Title point value 620_110000000000000_AME
650 #0 - SUBJECT ADDED ENTRY--TOPICAL TERM
Topical term or geographic name entry element MCE
9 (RLIN) 379
650 #0 - SUBJECT ADDED ENTRY--TOPICAL TERM
Topical term or geographic name entry element Sampling.
9 (RLIN) 160
942 ## - ADDED ENTRY ELEMENTS (KOHA)
Source of classification or shelving scheme
Koha item type Book
Holdings
Withdrawn status Lost status Source of classification or shelving scheme Damaged status Not for loan Permanent Location Current Location Date acquired Total Checkouts Full call number Barcode Date last seen Price effective from Koha item type
          Military College of Engineering (MCE) Military College of Engineering (MCE) 05/20/2014   620.11 AME MCE-30839 05/20/2014 05/20/2014 Book
© 2023 Central Library, National University of Sciences and Technology. All Rights Reserved.